000 00546nam a2200193 i 4500
001 64772
003 ES-MaACL
007 t|
008 040105s1954 sp ||||1| spa d
100 1 _aForrellad, Luisa.
_951808
245 1 0 _aSiempre en capilla /
_cLuisa Forrellad.
250 _a[1ª ed.].
260 _aBarcelona :
_bDestino,
_c[1954] (
_fAgustín Núñez)
300 _a282 p. ;
_c19 cm.
490 1 _aAncora y delfín ;
_v92
830 0 0 _aÁncora y Delfín
_v92
_9151298
852 _aES-MaACL
_jC-6920
_bR.35990
999 _c64772
_d64772